[Event "1SM"]
[Site "Sharjah Chess Club"]
[Date "2017.03.23"]
[Round "1.23"]
[White "Sharif, Mehrshad"]
[Black "Sethuraman, S.P."]
[Result "0-1"]
[BlackElo "2629"]
[WhiteElo "2385"]
[LiveChessVersion "1.4.8"]

1. Nf3 {[%clk 1:40:56]} d5 {[%clk 1:38:53]} 2. g3 {[%clk 1:40:20]} Nc6
{[%clk 1:36:30]} 3. d4 {[%clk 1:38:41]} Bf5 {[%clk 1:36:53]} 4. Bg2
{[%clk 1:38:27]} Nb4 {[%clk 1:37:15]} 5. Na3 {[%clk 1:38:20]} e6 {[%clk 1:37:41]}
6. c3 {[%clk 1:37:42]} Nc6 {[%clk 1:37:32]} 7. Qa4 {[%clk 1:28:50]} Be4
{[%clk 1:25:51]} 8. Nb1 {[%clk 1:25:39]} Qd7 {[%clk 1:20:35]} 9. Nbd2
{[%clk 1:22:01]} Bg6 {[%clk 1:20:49]} 10. Nh4 {[%clk 1:20:25]} Bh5
{[%clk 1:21:04]} 11. e4 {[%clk 1:17:00]} g5 {[%clk 1:10:32]} 12. Nhf3
{[%clk 1:16:45]} g4 {[%clk 1:10:51]} 13. Ng1 {[%clk 1:16:15]} Nf6
{[%clk 1:09:06]} 14. Ne2 {[%clk 1:11:02]} Bg6 {[%clk 1:07:48]} 15. exd5
{[%clk 1:10:33]} exd5 {[%clk 1:01:27]} 16. O-O {[%clk 1:08:43]} Bd6
{[%clk 1:01:48]} 17. c4 {[%clk 1:03:07]} Nb4 {[%clk 1:00:43]} 18. Qb3
{[%clk 0:58:15]} Nc2 {[%clk 0:59:37]} 19. Rb1 {[%clk 0:58:03]} c6
{[%clk 0:55:49]} 20. c5 {[%clk 0:55:56]} Bc7 {[%clk 0:55:52]} 21. Qc3
{[%clk 0:55:29]} Qe7 {[%clk 0:52:15]} 22. Nf4 {[%clk 0:52:05]} Bxf4
{[%clk 0:52:36]} 23. gxf4 {[%clk 0:52:32]} Ne1 {[%clk 0:50:37]} 24. Ra1
{[%clk 0:50:33]} Bd3 {[%clk 0:50:08]} 25. Nc4 {[%clk 0:47:58]} Bxf1
{[%clk 0:50:22]} 26. Nd6+ {[%clk 0:48:10]} Kf8 {[%clk 0:49:35]} 27. Kxf1
{[%clk 0:44:11]} Nxg2 {[%clk 0:49:37]} 28. Kxg2 {[%clk 0:44:28]} Ne4
{[%clk 0:50:01]} 29. Qb4 {[%clk 0:44:35]} Nxd6 {[%clk 0:48:39]} 30. cxd6
{[%clk 0:44:51]} Qe4+ {[%clk 0:49:02]} 31. Kg1 {[%clk 0:44:47]} Kg7
{[%clk 0:48:25]} 32. Bd2 {[%clk 0:44:10]} Rad8 {[%clk 0:44:25]} 33. Re1
{[%clk 0:41:39]} Qg6 {[%clk 0:44:50]} 34. Qxb7 {[%clk 0:36:00]} Qxd6
{[%clk 0:43:33]} 35. Re7 {[%clk 0:34:07]} Qf6 {[%clk 0:41:44]} 36. Qxa7
{[%clk 0:29:47]} Ra8 {[%clk 0:41:59]} 37. Qd7 {[%clk 0:28:42]} Rhd8
{[%clk 0:37:54]} 38. Qc7 {[%clk 0:23:38]} Rdb8 {[%clk 0:38:03]} 39. Bc3
{[%clk 0:05:12]} Re8 {[%clk 0:36:36]} 40. Re5 {[%clk 0:04:54]} h6
{[%clk 0:17:52]} 41. a4 {[%clk 0:04:13]} Qxf4 {[%clk 0:11:33]} 42. Qxc6
{[%clk 0:03:29]} Rxe5 {[%clk 0:08:12]} 43. dxe5 {[%clk 0:03:56]} Rxa4
{[%clk 0:08:29]} 44. Qxd5 {[%clk 0:04:08]} Kg6 {[%clk 0:07:43]} 45. Kg2
{[%clk 0:01:44]} Qe4+ {[%clk 0:06:25]} 46. Qxe4+ {[%clk 0:02:12]} Rxe4
{[%clk 0:06:51]} 47. h3 {[%clk 0:02:30]} Kf5 {[%clk 0:06:54]} 48. f3
{[%clk 0:02:15]} gxh3+ {[%clk 0:06:05]} 0-1

[Event "1SM"]
[Site "Sharjah Chess Club"]
[Date "2017.03.23"]
[Round "1.27"]
[White "Omar, Noaman"]
[Black "Bok, Benjamin"]
[Result "1/2-1/2"]
[BlackElo "2596"]
[WhiteElo "2379"]
[LiveChessVersion "1.4.8"]

1. d4 {[%clk 1:34:56]} d5 {[%clk 1:39:59]} 2. c4 {[%clk 1:35:14]} e6
{[%clk 1:40:25]} 3. Nf3 {[%clk 1:35:31]} Nf6 {[%clk 1:40:50]} 4. Nc3
{[%clk 1:35:45]} c6 {[%clk 1:41:06]} 5. Bg5 {[%clk 1:35:33]} h6 {[%clk 1:41:27]}
6. Bh4 {[%clk 1:35:55]} dxc4 {[%clk 1:41:47]} 7. e4 {[%clk 1:35:08]} g5
{[%clk 1:42:07]} 8. Bg3 {[%clk 1:35:32]} b5 {[%clk 1:42:30]} 9. Be2
{[%clk 1:34:26]} Bb7 {[%clk 1:42:44]} 10. Qc2 {[%clk 1:33:16]} Nbd7
{[%clk 1:38:25]} 11. Rd1 {[%clk 1:30:53]} Qb6 {[%clk 1:24:46]} 12. h4
{[%clk 1:28:34]} g4 {[%clk 1:22:35]} 13. Ne5 {[%clk 1:28:49]} Rg8
{[%clk 1:12:25]} 14. Nxd7 {[%clk 1:20:00]} Nxd7 {[%clk 1:12:19]} 15. O-O
{[%clk 1:19:50]} Bg7 {[%clk 0:59:28]} 16. e5 {[%clk 1:10:17]} O-O-O
{[%clk 0:51:40]} 17. b3 {[%clk 1:08:11]} cxb3 {[%clk 0:51:47]} 18. axb3
{[%clk 1:08:28]} a6 {[%clk 0:46:07]} 19. Ne4 {[%clk 0:51:50]} Bf8
{[%clk 0:41:17]} 20. d5 {[%clk 0:46:21]} Kb8 {[%clk 0:23:48]} 1/2-1/2

[Event "1SM"]
[Site "Sharjah Chess Club"]
[Date "2017.03.23"]
[Round "1.28"]
[White "Adly, Ahmed"]
[Black "Iniyan, P"]
[Result "1/2-1/2"]
[BlackElo "2378"]
[WhiteElo "2593"]
[LiveChessVersion "1.4.8"]

1. d4 {[%clk 1:40:57]} Nf6 {[%clk 1:40:45]} 2. Nf3 {[%clk 1:41:19]} g6
{[%clk 1:41:08]} 3. c4 {[%clk 1:41:43]} Bg7 {[%clk 1:41:34]} 4. g3
{[%clk 1:42:08]} O-O {[%clk 1:41:58]} 5. Bg2 {[%clk 1:42:35]} d6 {[%clk 1:42:20]}
6. O-O {[%clk 1:42:58]} Nc6 {[%clk 1:41:31]} 7. Nc3 {[%clk 1:43:22]} a6
{[%clk 1:41:59]} 8. Re1 {[%clk 1:43:46]} Rb8 {[%clk 1:41:53]} 9. Rb1
{[%clk 1:44:10]} Bf5 {[%clk 1:32:45]} 10. e4 {[%clk 1:44:21]} Bg4
{[%clk 1:33:10]} 11. Be3 {[%clk 1:44:11]} Nd7 {[%clk 1:30:04]} 12. Ne2
{[%clk 1:44:34]} b5 {[%clk 1:19:11]} 13. cxb5 {[%clk 1:44:40]} axb5
{[%clk 1:18:03]} 14. h3 {[%clk 1:44:49]} Bxf3 {[%clk 1:18:17]} 15. Bxf3
{[%clk 1:45:17]} Nb6 {[%clk 1:18:07]} 16. b3 {[%clk 1:45:20]} d5 {[%clk 1:14:30]}
17. Rc1 {[%clk 1:43:06]} dxe4 {[%clk 1:00:42]} 18. Bxe4 {[%clk 1:41:26]} Nb4
{[%clk 1:01:06]} 19. Qd2 {[%clk 1:34:56]} N4d5 {[%clk 0:53:42]} 20. Bh6
{[%clk 1:34:46]} Bxh6 {[%clk 0:51:20]} 21. Qxh6 {[%clk 1:35:12]} b4
{[%clk 0:47:44]} 22. h4 {[%clk 1:33:14]} e6 {[%clk 0:47:07]} 23. Rc2
{[%clk 1:31:53]} Qf6 {[%clk 0:46:18]} 24. Kg2 {[%clk 1:26:08]} Qg7
{[%clk 0:39:11]} 25. Qd2 {[%clk 1:23:59]} Rfd8 {[%clk 0:37:41]} 26. Bf3
{[%clk 1:23:27]} h5 {[%clk 0:36:16]} 27. Rec1 {[%clk 1:22:18]} Kh7
{[%clk 0:31:50]} 28. Rc5 {[%clk 1:18:35]} Qf6 {[%clk 0:30:17]} 29. R1c2
{[%clk 1:17:06]} Kg7 {[%clk 0:30:12]} 30. Rb5 {[%clk 1:13:10]} Qf5
{[%clk 0:28:30]} 31. Rxc7 {[%clk 1:08:40]} Ne3+ {[%clk 0:25:09]} 32. Qxe3
{[%clk 1:08:49]} Qxb5 {[%clk 0:25:25]} 33. Nf4 {[%clk 1:07:41]} Nd7
{[%clk 0:25:30]} 34. Bc6 {[%clk 1:07:49]} Qb6 {[%clk 0:24:42]} 35. Nxe6+
{[%clk 1:07:34]} fxe6 {[%clk 0:24:10]} 36. Qe5+ {[%clk 1:07:53]} Kh7
{[%clk 0:23:03]} 37. Qd6 {[%clk 1:04:28]} Kh6 {[%clk 0:20:54]} 38. Qf4+
{[%clk 1:01:29]} Kg7 {[%clk 0:19:21]} 39. Bxd7 {[%clk 0:52:01]} Rb7
{[%clk 0:19:43]} 40. Qe5+ {[%clk 0:52:05]} Kh7 {[%clk 0:20:01]} 41. Rc6
{[%clk 0:51:58]} Rdxd7 {[%clk 0:19:58]} 42. Rxb6 {[%clk 0:49:09]} Rxb6
{[%clk 0:20:22]} 43. Qc5 {[%clk 0:49:36]} Ra6 {[%clk 0:18:27]} 44. Qb5
{[%clk 0:46:47]} Rda7 {[%clk 0:17:45]} 45. Qxb4 {[%clk 0:47:00]} Rxa2
{[%clk 0:18:08]} 46. Qf8 {[%clk 0:47:22]} R2a6 {[%clk 0:14:17]} 47. Qf6
{[%clk 0:45:08]} Rd6 {[%clk 0:12:43]} 48. b4 {[%clk 0:45:11]} Rad7
{[%clk 0:12:01]} 49. b5 {[%clk 0:45:12]} Rxd4 {[%clk 0:12:20]} 50. Qxe6
{[%clk 0:45:27]} R4d6 {[%clk 0:12:46]} 51. Qe8 {[%clk 0:45:17]} Rb7
{[%clk 0:12:37]} 52. g4 {[%clk 0:45:38]} hxg4 {[%clk 0:10:22]} 53. h5
{[%clk 0:46:06]} Rdb6 {[%clk 0:10:45]} 54. Kg3 {[%clk 0:45:54]} gxh5
{[%clk 0:11:06]} 55. Qxh5+ {[%clk 0:46:15]} Kg7 {[%clk 0:11:29]} 56. Qe5+
{[%clk 0:46:40]} Kf7 {[%clk 0:11:54]} 57. Qd5+ {[%clk 0:46:43]} Kg7
{[%clk 0:12:19]} 58. Qd4+ {[%clk 0:46:30]} Kf7 {[%clk 0:12:25]} 59. Kxg4
{[%clk 0:46:38]} Rxb5 {[%clk 0:12:49]} 60. f4 {[%clk 0:47:03]} Rb4
{[%clk 0:12:24]} 61. Qd5+ {[%clk 0:46:56]} Kg7 {[%clk 0:12:44]} 62. Qe5+
{[%clk 0:47:18]} Kf7 {[%clk 0:13:04]} 63. Qh8 {[%clk 0:47:33]} R7b5
{[%clk 0:13:25]} 64. Qh7+ {[%clk 0:47:35]} Kf6 {[%clk 0:12:21]} 65. Qd7
{[%clk 0:47:31]} Rg5+ {[%clk 0:11:00]} 66. Kf3 {[%clk 0:47:40]} Rb3+
{[%clk 0:11:23]} 67. Ke4 {[%clk 0:47:48]} Rb4+ {[%clk 0:11:42]} 68. Kf3
{[%clk 0:47:50]} Rb3+ {[%clk 0:12:07]} 69. Ke4 {[%clk 0:48:15]} Rb4+
{[%clk 0:12:34]} 1/2-1/2

[Event "1SM"]
[Site "Sharjah Chess Club"]
[Date "2017.03.23"]
[Round "1.29"]
[White "Lazarev, Vladimir"]
[Black "Lalith, Babu M R"]
[Result "0-1"]
[BlackElo "2593"]
[WhiteElo "2376"]
[LiveChessVersion "1.4.8"]

1. d4 {[%clk 1:37:56]} Nf6 {[%clk 1:40:54]} 2. c4 {[%clk 1:38:08]} e6
{[%clk 1:41:14]} 3. Nc3 {[%clk 1:37:29]} Bb4 {[%clk 1:41:36]} 4. Qc2
{[%clk 1:36:55]} d5 {[%clk 1:39:47]} 5. a3 {[%clk 1:35:38]} Bxc3+
{[%clk 1:40:06]} 6. Qxc3 {[%clk 1:35:56]} O-O {[%clk 1:40:30]} 7. Nf3
{[%clk 1:32:40]} dxc4 {[%clk 1:38:04]} 8. Qxc4 {[%clk 1:32:23]} b6
{[%clk 1:38:29]} 9. Bg5 {[%clk 1:31:48]} Ba6 {[%clk 1:38:50]} 10. Qa4
{[%clk 1:29:22]} Bb7 {[%clk 1:37:47]} 11. e3 {[%clk 1:22:54]} Nbd7
{[%clk 1:21:09]} 12. Be2 {[%clk 1:13:57]} c5 {[%clk 1:14:29]} 13. O-O
{[%clk 1:10:13]} cxd4 {[%clk 1:10:46]} 14. Qxd4 {[%clk 1:09:19]} h6
{[%clk 1:10:17]} 15. Bh4 {[%clk 0:53:56]} Nc5 {[%clk 1:05:30]} 16. Rad1
{[%clk 0:47:49]} Qxd4 {[%clk 1:03:44]} 17. Rxd4 {[%clk 0:40:12]} g5
{[%clk 0:57:32]} 18. Bg3 {[%clk 0:39:10]} Rfc8 {[%clk 0:57:46]} 19. Rfd1
{[%clk 0:31:55]} Nce4 {[%clk 0:51:50]} 20. Bd3 {[%clk 0:30:15]} Nxg3
{[%clk 0:52:08]} 21. hxg3 {[%clk 0:30:32]} Rc5 {[%clk 0:52:22]} 22. Rc4
{[%clk 0:28:27]} Rxc4 {[%clk 0:50:12]} 23. Bxc4 {[%clk 0:28:55]} Rc8
{[%clk 0:50:32]} 24. Bd3 {[%clk 0:27:40]} Be4 {[%clk 0:47:39]} 25. Bxe4
{[%clk 0:26:39]} Nxe4 {[%clk 0:47:55]} 26. Ne1 {[%clk 0:27:01]} Kf8
{[%clk 0:45:26]} 27. g4 {[%clk 0:24:52]} Ke7 {[%clk 0:45:38]} 28. Kf1
{[%clk 0:23:58]} Nf6 {[%clk 0:35:58]} 29. f3 {[%clk 0:24:01]} h5 {[%clk 0:35:31]}
30. gxh5 {[%clk 0:24:15]} Nxh5 {[%clk 0:35:56]} 31. g4 {[%clk 0:21:04]} Nf6
{[%clk 0:36:15]} 32. Ke2 {[%clk 0:20:58]} Nd5 {[%clk 0:35:35]} 33. Nd3
{[%clk 0:18:07]} f5 {[%clk 0:32:39]} 34. Nf2 {[%clk 0:14:02]} Nf6
{[%clk 0:31:02]} 35. e4 {[%clk 0:10:59]} fxe4 {[%clk 0:28:59]} 36. fxe4
{[%clk 0:11:12]} Rc2+ {[%clk 0:28:21]} 37. Rd2 {[%clk 0:10:39]} Rc4
{[%clk 0:27:08]} 38. Kd3 {[%clk 0:09:34]} Rc1 {[%clk 0:27:04]} 39. Ke2
{[%clk 0:05:33]} Rg1 {[%clk 0:26:20]} 40. Kf3 {[%clk 0:05:29]} Nd7
{[%clk 0:26:30]} 41. Nd3 {[%clk 0:05:29]} Kf6 {[%clk 0:26:50]} 42. Rf2
{[%clk 0:05:29]} Ke7 {[%clk 0:26:42]} 43. e5 {[%clk 0:04:58]} Rh1
{[%clk 0:24:17]} 44. Rg2 {[%clk 0:04:28]} Rf1+ {[%clk 0:19:33]} 45. Ke3
{[%clk 0:04:24]} Rh1 {[%clk 0:18:48]} 46. Kf3 {[%clk 0:04:18]} a5
{[%clk 0:19:08]} 47. Ke3 {[%clk 0:04:12]} Nc5 {[%clk 0:17:34]} 48. Nxc5
{[%clk 0:04:19]} bxc5 {[%clk 0:18:01]} 49. Kd3 {[%clk 0:03:06]} Re1
{[%clk 0:15:59]} 50. Re2 {[%clk 0:02:20]} c4+ {[%clk 0:14:03]} 51. Kd2
{[%clk 0:02:14]} Rxe2+ {[%clk 0:14:14]} 52. Kxe2 {[%clk 0:02:43]} Kd7
{[%clk 0:14:40]} 53. Ke3 {[%clk 0:02:38]} Kc6 {[%clk 0:15:07]} 54. Ke4
{[%clk 0:02:04]} Kc5 {[%clk 0:14:59]} 55. a4 {[%clk 0:02:11]} c3 {[%clk 0:15:23]}
56. bxc3 {[%clk 0:01:55]} Kc4 {[%clk 0:15:50]} 57. Ke3 {[%clk 0:02:11]} Kxc3
{[%clk 0:16:16]} 58. Ke4 {[%clk 0:02:08]} Kc4 {[%clk 0:15:34]} 59. Ke3
{[%clk 0:01:53]} Kd5 {[%clk 0:15:55]} 60. Kd4+ Kxe5+ 0-1

[Event "1SM"]
[Site "Sharjah Chess Club"]
[Date "2017.03.23"]
[Round "1.31"]
[White "Roy, Prantik"]
[Black "Gledura, Benjamin"]
[Result "0-1"]
[BlackElo "2588"]
[WhiteElo "2372"]
[LiveChessVersion "1.4.8"]

1. Nf3 {[%clk 1:40:53]} Nf6 {[%clk 1:40:11]} 2. c4 {[%clk 1:41:12]} g6
{[%clk 1:37:32]} 3. g3 {[%clk 1:41:13]} Bg7 {[%clk 1:37:48]} 4. Bg2
{[%clk 1:41:35]} O-O {[%clk 1:37:54]} 5. O-O {[%clk 1:41:54]} d6 {[%clk 1:37:50]}
6. Nc3 {[%clk 1:41:08]} e5 {[%clk 1:38:10]} 7. d4 {[%clk 1:41:12]} Nbd7
{[%clk 1:38:18]} 8. e4 {[%clk 1:40:53]} c6 {[%clk 1:37:28]} 9. Re1
{[%clk 1:37:48]} exd4 {[%clk 1:35:11]} 10. Nxd4 {[%clk 1:38:10]} Ng4
{[%clk 1:34:49]} 11. h3 {[%clk 1:25:41]} Qb6 {[%clk 1:15:56]} 12. Nce2
{[%clk 1:21:41]} Nge5 {[%clk 1:14:41]} 13. b3 {[%clk 1:20:43]} Nc5
{[%clk 1:10:13]} 14. Be3 {[%clk 1:19:06]} Re8 {[%clk 1:09:11]} 15. Nc3
{[%clk 1:09:06]} a5 {[%clk 1:04:59]} 16. Qd2 {[%clk 1:02:53]} a4 {[%clk 0:59:54]}
17. Rab1 {[%clk 1:02:12]} axb3 {[%clk 0:59:50]} 18. axb3 {[%clk 1:02:35]} Ra3
{[%clk 0:51:02]} 19. f4 {[%clk 0:58:25]} Ned3 {[%clk 0:49:05]} 20. Red1
{[%clk 0:57:49]} Qa5 {[%clk 0:35:16]} 21. Nde2 {[%clk 0:49:04]} f5
{[%clk 0:31:53]} 22. exf5 {[%clk 0:39:04]} Bxf5 {[%clk 0:31:31]} 23. g4
{[%clk 0:39:17]} Bxc3 {[%clk 0:26:00]} 24. Nxc3 {[%clk 0:38:53]} Nxb3
{[%clk 0:25:57]} 25. Rxb3 {[%clk 0:29:16]} Rxb3 {[%clk 0:26:21]} 26. Ne4
{[%clk 0:28:42]} Qxd2 {[%clk 0:26:06]} 27. Nxd2 {[%clk 0:29:06]} Ra3
{[%clk 0:18:33]} 28. Nb1 {[%clk 0:28:46]} Rxe3 {[%clk 0:18:54]} 29. Nxa3
{[%clk 0:29:05]} Nxf4 {[%clk 0:19:12]} 30. gxf5 {[%clk 0:29:05]} Rxa3
{[%clk 0:19:35]} 31. Bf1 {[%clk 0:29:11]} d5 {[%clk 0:10:44]} 32. fxg6
{[%clk 0:28:19]} hxg6 {[%clk 0:11:08]} 33. cxd5 {[%clk 0:28:29]} Nxd5
{[%clk 0:11:30]} 34. Bc4 {[%clk 0:28:47]} Rxh3 {[%clk 0:10:45]} 35. Bxd5+
{[%clk 0:28:59]} cxd5 {[%clk 0:11:10]} 36. Rxd5 {[%clk 0:29:23]} Rb3
{[%clk 0:10:41]} 37. Rd7 {[%clk 0:29:33]} Rb2 {[%clk 0:11:06]} 38. Kf1
{[%clk 0:29:36]} Kf8 {[%clk 0:10:28]} 39. Ke1 {[%clk 0:29:42]} Ke8
{[%clk 0:10:25]} 40. Rg7 {[%clk 0:29:49]} Rb6 {[%clk 0:10:47]} 41. Kd2
{[%clk 0:29:52]} Kd8 {[%clk 0:11:06]} 42. Kc3 {[%clk 0:30:04]} Kc8
{[%clk 0:11:29]} 43. Kc4 {[%clk 0:29:57]} Kb8 {[%clk 0:11:46]} 44. Kc5
{[%clk 0:29:36]} Ka7 {[%clk 0:12:06]} 45. Rg8 {[%clk 0:28:17]} Rc6+
{[%clk 0:12:27]} 46. Kb5 {[%clk 0:28:28]} Rf6 {[%clk 0:12:50]} 47. Re8
{[%clk 0:28:14]} Rf5+ {[%clk 0:13:07]} 48. Kb4 {[%clk 0:28:10]} g5
{[%clk 0:13:02]} 49. Re6 {[%clk 0:28:02]} b6 {[%clk 0:13:08]} 50. Re8
{[%clk 0:28:16]} Ka6 {[%clk 0:13:07]} 51. Ra8+ {[%clk 0:28:35]} Kb7
{[%clk 0:13:33]} 52. Rg8 {[%clk 0:28:55]} Kc6 {[%clk 0:13:52]} 53. Rg6+
{[%clk 0:29:13]} Kd5 {[%clk 0:12:53]} 54. Rxb6 {[%clk 0:29:32]} Ke4
{[%clk 0:13:17]} 55. Kc3 {[%clk 0:29:33]} Rd5 {[%clk 0:12:31]} 56. Kd4+ Ke5+ 0-1

[Event "1SM"]
[Site "Sharjah Chess Club"]
[Date "2017.03.23"]
[Round "1.33"]
[White "Thakur, Akash"]
[Black "Halkias, Stelios"]
[Result "0-1"]
[BlackElo "2584"]
[WhiteElo "2363"]
[LiveChessVersion "1.4.8"]

1. e4 {[%clk 1:40:56]} e5 {[%clk 1:40:31]} 2. Nf3 {[%clk 1:41:09]} Nc6
{[%clk 1:40:45]} 3. d4 {[%clk 1:41:23]} exd4 {[%clk 1:40:25]} 4. Nxd4
{[%clk 1:41:45]} Nf6 {[%clk 1:40:22]} 5. Nc3 {[%clk 1:40:55]} Bb4
{[%clk 1:39:47]} 6. Nxc6 {[%clk 1:40:06]} bxc6 {[%clk 1:40:02]} 7. Bd3
{[%clk 1:40:19]} d5 {[%clk 1:39:26]} 8. exd5 {[%clk 1:39:40]} cxd5
{[%clk 1:39:25]} 9. O-O {[%clk 1:40:02]} O-O {[%clk 1:39:37]} 10. Bg5
{[%clk 1:38:54]} c6 {[%clk 1:32:44]} 11. Qf3 {[%clk 1:38:13]} Be7
{[%clk 1:22:12]} 12. Rae1 {[%clk 1:30:32]} Be6 {[%clk 1:06:49]} 13. Ne2
{[%clk 1:12:12]} h6 {[%clk 0:43:26]} 14. Bf4 {[%clk 1:07:26]} Bg4
{[%clk 0:36:02]} 15. Qg3 {[%clk 1:02:45]} Bxe2 {[%clk 0:34:42]} 16. Rxe2
{[%clk 0:57:57]} Nh5 {[%clk 0:34:27]} 17. Qf3 {[%clk 0:57:42]} Nxf4
{[%clk 0:34:20]} 18. Qxf4 {[%clk 0:58:05]} Bd6 {[%clk 0:32:13]} 19. Qf5
{[%clk 0:52:45]} g6 {[%clk 0:32:27]} 20. Qg4 {[%clk 0:52:40]} h5 {[%clk 0:29:30]}
21. Qh3 {[%clk 0:41:40]} Re8 {[%clk 0:27:23]} 22. Rfe1 {[%clk 0:29:34]} Rxe2
{[%clk 0:27:06]} 23. Rxe2 {[%clk 0:30:00]} Kg7 {[%clk 0:26:02]} 24. Qe3
{[%clk 0:28:41]} Qf6 {[%clk 0:25:03]} 25. c3 {[%clk 0:24:51]} h4 {[%clk 0:20:07]}
26. g3 {[%clk 0:22:08]} c5 {[%clk 0:10:32]} 27. Kg2 {[%clk 0:16:17]} Rh8
{[%clk 0:09:54]} 28. f4 {[%clk 0:10:01]} a5 {[%clk 0:07:38]} 29. Bc2
{[%clk 0:06:07]} Rb8 {[%clk 0:06:57]} 30. b3 {[%clk 0:05:01]} d4 {[%clk 0:05:47]}
31. Qd3 {[%clk 0:05:21]} hxg3 {[%clk 0:03:48]} 32. hxg3 {[%clk 0:05:32]} Rh8
{[%clk 0:03:49]} 33. c4 {[%clk 0:02:05]} g5 {[%clk 0:01:14]} 34. fxg5
{[%clk 0:01:23]} Qxg5 {[%clk 0:01:42]} 35. Rf2 {[%clk 0:01:03]} Qh5
{[%clk 0:01:13]} 36. Kf1 {[%clk 0:00:33]} Qh1+ {[%clk 0:01:21]} 37. Ke2
{[%clk 0:00:39]} Re8+ {[%clk 0:01:43]} 0-1

[Event "1SM"]
[Site "Sharjah Chess Club"]
[Date "2017.03.23"]
[Round "1.35"]
[White "Sidhant, Mohapatra"]
[Black "Idani, Pouya"]
[Result "0-1"]
[BlackElo "2576"]
[WhiteElo "2341"]
[LiveChessVersion "1.4.8"]

1. e4 {[%clk 1:40:36]} c5 {[%clk 1:40:55]} 2. Nf3 {[%clk 1:40:49]} d6
{[%clk 1:41:20]} 3. d4 {[%clk 1:40:37]} Nf6 {[%clk 1:41:45]} 4. Nc3
{[%clk 1:40:29]} cxd4 {[%clk 1:42:10]} 5. Nxd4 {[%clk 1:40:50]} a6
{[%clk 1:42:36]} 6. Be2 {[%clk 1:40:38]} e5 {[%clk 1:43:00]} 7. Nb3
{[%clk 1:40:35]} Be7 {[%clk 1:43:23]} 8. Bg5 {[%clk 1:38:22]} Be6
{[%clk 1:42:56]} 9. Bxf6 {[%clk 1:34:47]} Bxf6 {[%clk 1:42:43]} 10. Qd3
{[%clk 1:35:12]} Be7 {[%clk 1:42:31]} 11. O-O-O {[%clk 1:32:48]} Nd7
{[%clk 1:42:37]} 12. Nd5 {[%clk 1:32:39]} Bxd5 {[%clk 1:43:00]} 13. Qxd5
{[%clk 1:32:37]} Qc7 {[%clk 1:42:15]} 14. Kb1 {[%clk 1:27:26]} O-O
{[%clk 1:42:21]} 15. g3 {[%clk 1:23:28]} a5 {[%clk 1:36:26]} 16. Qc4
{[%clk 1:18:56]} Qc6 {[%clk 1:36:30]} 17. Qxc6 {[%clk 1:12:43]} bxc6
{[%clk 1:36:58]} 18. Nd2 {[%clk 1:13:06]} Nc5 {[%clk 1:35:44]} 19. Bf3
{[%clk 1:09:40]} f5 {[%clk 1:35:10]} 20. exf5 {[%clk 1:01:00]} d5
{[%clk 1:34:51]} 21. Rhe1 {[%clk 1:00:12]} Rxf5 {[%clk 1:30:24]} 22. g4
{[%clk 1:00:11]} Rf4 {[%clk 1:29:17]} 23. Rxe5 {[%clk 1:00:12]} Bf6
{[%clk 1:29:46]} 24. Rxd5 {[%clk 1:00:27]} Na4 {[%clk 1:30:14]} 25. Rf5
{[%clk 0:58:03]} Rxf5 {[%clk 1:28:26]} 26. gxf5 {[%clk 0:57:48]} Rb8
{[%clk 1:24:04]} 27. Nb3 {[%clk 0:54:34]} Nxb2 {[%clk 1:24:24]} 28. Rd6
{[%clk 0:54:46]} Nc4 {[%clk 1:24:29]} 29. Rxf6 {[%clk 0:51:39]} gxf6
{[%clk 1:23:12]} 30. Bxc6 {[%clk 0:52:03]} Nd2+ {[%clk 1:22:13]} 31. Kc1
{[%clk 0:51:40]} Nxb3+ {[%clk 1:22:28]} 32. axb3 {[%clk 0:51:18]} Kf8
{[%clk 1:22:53]} 33. Kb2 {[%clk 0:50:47]} Ke7 {[%clk 1:22:44]} 34. Ka3
{[%clk 0:49:48]} Kd6 {[%clk 1:22:48]} 35. Be4 {[%clk 0:49:34]} Kc5
{[%clk 1:23:12]} 36. h3 {[%clk 0:43:06]} Rd8 {[%clk 1:22:22]} 37. Bd3
{[%clk 0:42:54]} Rd4 {[%clk 1:22:43]} 0-1

[Event "1SM"]
[Site "Sharjah Chess Club"]
[Date "2017.03.24"]
[Round "2.1"]
[White "Sunilduth Lyna, Narayanan"]
[Black "Kryvoruchko, Yuriy"]
[Result "1/2-1/2"]
[BlackElo "2708"]
[WhiteElo "2526"]
[LiveChessVersion "1.4.8"]

1. d4 {[%clk 1:40:57]} Nf6 {[%clk 1:40:45]} 2. c4 {[%clk 1:41:22]} e6
{[%clk 1:41:11]} 3. Nf3 {[%clk 1:41:47]} d5 {[%clk 1:41:02]} 4. Nc3
{[%clk 1:42:07]} Nbd7 {[%clk 1:41:09]} 5. Bf4 {[%clk 1:39:36]} dxc4
{[%clk 1:40:11]} 6. e3 {[%clk 1:39:59]} b5 {[%clk 1:39:31]} 7. Nxb5
{[%clk 1:40:23]} Bb4+ {[%clk 1:39:42]} 8. Nc3 {[%clk 1:40:04]} Nd5
{[%clk 1:39:53]} 9. a3 {[%clk 1:34:27]} Nxc3 {[%clk 1:39:37]} 10. Qd2
{[%clk 1:34:52]} Nd5 {[%clk 1:39:39]} 11. axb4 {[%clk 1:35:16]} Nxf4
{[%clk 1:40:03]} 12. exf4 {[%clk 1:35:41]} Bb7 {[%clk 1:39:59]} 13. Be2
{[%clk 1:29:17]} Nb6 {[%clk 1:38:54]} 14. O-O {[%clk 1:25:28]} O-O
{[%clk 1:38:02]} 15. Rfc1 {[%clk 1:15:19]} Qd6 {[%clk 1:36:31]} 16. Ne5
{[%clk 0:56:40]} Rfd8 {[%clk 1:31:01]} 17. Nxc4 {[%clk 0:51:57]} Nxc4
{[%clk 1:24:26]} 18. Rxc4 {[%clk 0:44:41]} Ba6 {[%clk 1:21:01]} 19. Rc5
{[%clk 0:45:03]} Bxe2 {[%clk 1:21:22]} 20. Qxe2 {[%clk 0:45:28]} Qxf4
{[%clk 1:19:02]} 21. Qe3 {[%clk 0:43:02]} Qxd4 {[%clk 1:18:38]} 22. Qxd4
{[%clk 0:43:16]} Rxd4 {[%clk 1:19:02]} 23. Rxc7 {[%clk 0:43:36]} g5
{[%clk 1:16:34]} 24. Rb7 {[%clk 0:30:00]} Rc8 {[%clk 1:09:56]} 25. g3
{[%clk 0:29:53]} g4 {[%clk 1:05:06]} 26. Kg2 {[%clk 0:28:34]} Rd5
{[%clk 0:53:51]} 27. Raxa7 {[%clk 0:28:22]} Rf5 {[%clk 0:54:16]} 28. Rc7
{[%clk 0:22:26]} Rd8 {[%clk 0:42:18]} 29. Rd7 {[%clk 0:20:07]} Rxd7
{[%clk 0:40:51]} 30. Rxd7 {[%clk 0:20:29]} Rf3 {[%clk 0:41:11]} 31. Rd4
{[%clk 0:16:43]} h5 {[%clk 0:39:57]} 32. h3 {[%clk 0:14:07]} f5 {[%clk 0:39:55]}
33. Rd7 {[%clk 0:14:21]} Rb3 {[%clk 0:39:20]} 34. Re7 {[%clk 0:14:14]} Rxb4
{[%clk 0:35:56]} 35. hxg4 {[%clk 0:13:46]} hxg4 {[%clk 0:35:26]} 36. Rxe6
{[%clk 0:14:09]} Rxb2 {[%clk 0:35:53]} 37. Re5 {[%clk 0:14:32]} Kg7
{[%clk 0:36:19]} 38. Rxf5 {[%clk 0:14:52]} Kg6 {[%clk 0:36:44]} 39. Rd5
{[%clk 0:14:56]} Rb1 {[%clk 0:37:05]} 1/2-1/2